000 00630nam a2200193 i 4500
001 80625
003 ES-MaACL
005 20260318063016.0
007 t|
008 041028s1972 sp ||||1| spa d
100 1 _aHoffmann, Ernst T. A.
_d1776-1822
_9242917
245 1 3 _aLa Princesa Brambilla /
_cE.T.A. Hoffmann ; [traducción, Manuel P. del Río-Cossa].
260 _a[Madrid :
_bMauricio d'Ors,
_c1972]
490 1 _aLa fontana literaria ;
_v11
700 1 _aRío-Cossa, Manuel P. del.
_997319
830 0 _aLa fontana literaria ;
_v11
_9182334
852 _aES-MaACL
_jC-53576
_bR.85175
999 _c80625
_d80625